000 00342nam a2200133Ia 4500
008 240624s9999 xx 000 0 und d
041 _aeng
082 _a413 NAN
100 _aNANDHAKUMAR B
245 _aDICTIONARY OF HUMAN RESOURCE MANAGEMENT
260 _c2010
_aNew Delhi
_bExcel Books
300 _a293 : p. : cm. ; 21
365 _cRS
_b20
999 _c16054
_d16054